| 000 | 00797cab a2200241 4500 | ||
|---|---|---|---|
| 001 | ABS42727 | ||
| 008 | 090401t1990 xxu||||| |||| 00| 0 eng d | ||
| 035 | _a(Sirsi) u38593 | ||
| 041 | _aeng | ||
| 100 | _aSparkes, P. | ||
| 245 | _aDrafting covenants to make good inherent defects | ||
| 260 | _c1990 | ||
| 350 | _a0 | ||
| 490 |
_aRent Review & Lease Renewal _v10(3) May 1990, 218-225(8) |
||
| 520 | _aExamines the developing practice of imposing on business tenants the liability to remedy inherent defects in the lease d premises. Highlights problems that can arise. References. | ||
| 650 | _aBUSINESS TENANCIES | ||
| 650 | _aCOVENANTS | ||
| 650 | _aREPAIR COVENANTS | ||
| 650 | _aREPAIRS | ||
| 690 | _aLANDLORD AND TENANT-BUSINESS TENANCIES | ||
| 942 | _n0 | ||
| 948 | _c04/03/1997 | ||
| 999 |
_c24802 _d24802 |
||